00620 a2200181 4500003000400000005001700004008004100021020001800062040000900080082001900089100003300108245005600141260002600197300001000223942004400233952014400277999001700421OSt20230912153917.0230912b |||||||| |||| 00| 0 eng d a9781857443981 coclc a794.122bMAR/S1 aMartin, Andrew,d1957-99463 aStarting out : the Sicilian dragon /cAndrew Martin bEveryman Chessc2005. a208 p 2ddccBKh794.122iMAR/Sk794.122mMAR/S 00102ddc40708SPORTS AND GAMESaMESbMEScPHYSd2023-09-12l0o794.122 MAR/Sp42453r2023-09-12 15:32:24v2133.00w2023-09-12yBKzU22R1 c42508d42508